[Event "IHEM"]
[Site "Hamburg GER"]
[Date "2003.06.09"]
[Round "3"]
[White "Stanke,J"]
[Black "Schuetze,M"]
[Result "1/2-1/2"]
[WhiteElo "2322"]
[BlackElo "2182"]
[EventDate "2003.06.07"]

1. d4 f5 2. Nf3 Nf6 3. c4 d6 4. Nc3 g6 5. g3 Bg7 6. Bg2 O-O 7. O-O Qe8 8.
d5 a5 9. Ne1 Na6 10. Nd3 Bd7 11. Rb1 c6 12. Bd2 Nc7 13. Qb3 Qc8 14. Na4 Ra6
15. dxc6 Bxc6 16. Nb6 Qe8 17. c5+ Kh8 18. Bxc6 bxc6 19. f3 Nd7 20. Nxd7
Qxd7 21. cxd6 exd6 22. Rfd1 Nb5 23. Nf4 Re8 24. Qd3 d5 25. a4 Qa7+ 26. Kg2
Nd6 27. b3 Nf7 28. Bc3 Ne5 29. Qd2 Qb7 30. Bxe5 Bxe5 31. Nd3 Bd6 32. Qc3+
Qg7 33. Qxg7+ Kxg7 34. Kf2 Kf7 35. e3 Ke7 36. Rbc1 Kd7 37. h4 Re7 38. Nc5+
1/2-1/2

[Event "IHEM"]
[Site "Hamburg GER"]
[Date "2003.06.09"]
[Round "3"]
[White "Lanka,Z"]
[Black "Hochgraefe,M"]
[Result "1-0"]
[WhiteElo "2488"]
[BlackElo "2331"]
[EventDate "2003.06.07"]

1. e4 e6 2. d4 d5 3. Nd2 Nf6 4. e5 Nfd7 5. f4 c5 6. c3 Nc6 7. Ndf3 cxd4 8.
cxd4 f5 9. Bd3 Nb6 10. Ne2 Be7 11. O-O O-O 12. h3 Bd7 13. g4 a5 14. Rf2 a4
15. Rg2 Be8 16. gxf5 exf5 17. Ng3 Bg6 18. Bd2 Nc4 19. Qb1 Nxd2 20. Rxd2 Qd7
21. Kh2 Nb4 22. Bf1 a3 23. Bg2 b5 24. Qd1 Bf7 25. Qb3 axb2 26. Rxb2 Ra4 27.
Re1 Rfa8 28. e6 Bxe6 29. Rbe2 R8a6 30. Nxf5 Bf6 31. Ng3 h6 32. a3 1-0

[Event "IHEM"]
[Site "Hamburg GER"]
[Date "2003.06.09"]
[Round "3"]
[White "Van Delft,M"]
[Black "Bach,M"]
[Result "1/2-1/2"]
[WhiteElo "2341"]
[BlackElo "2349"]
[EventDate "2003.06.07"]

1. e4 c5 2. Nf3 Nf6 3. e5 Nd5 4. Nc3 Nxc3 5. dxc3 Nc6 6. Bc4 e6 7. Bf4 h6
8. h4 Qc7 9. Qd2 b6 10. O-O-O Bb7 11. h5 O-O-O 12. Rh3 g5 13. hxg6 fxg6 14.
Bd3 Rg8 15. Bxh6 Bxh6 16. Rxh6 Nxe5 17. Nxe5 Qxe5 18. Bxg6 Bxg2 19. f4 Qd5
20. c4 Qxd2+ 21. Rxd2 Bc6 22. Rf2 Rdf8 23. Bd3 e5 24. f5 e4 25. Rxc6+ dxc6
26. Bxe4 Kc7 27. a4 Rg4 28. Bd3 Rfg8 29. b3 Rg2 30. Rf4 R8g4 31. Rf3 R4g3
32. Rf4 Re3 33. Rh4 Kd6 34. Rh8 Rf2 35. Kb2 Rxd3 1/2-1/2

[Event "IHEM"]
[Site "Hamburg GER"]
[Date "2003.06.09"]
[Round "3"]
[White "Hebbinghaus,H"]
[Black "Reddmann,H"]
[Result "1/2-1/2"]
[WhiteElo "2273"]
[BlackElo "2358"]
[EventDate "2003.06.07"]

1. e4 Nf6 2. e5 Nd5 3. d4 d6 4. Nf3 Bg4 5. Be2 e6 6. O-O Be7 7. c4 Nb6 8.
exd6 cxd6 9. Nc3 N8d7 10. b3 O-O 11. Bb2 Rc8 12. Qd2 a6 13. Rfe1 Nf6 14. h3
Bh5 15. Qe3 Re8 16. Rad1 Qc7 17. Nh2 Bxe2 18. Qxe2 Nbd7 19. d5 e5 20. Ng4
g6 21. Qf3 Rf8 22. Nxf6+ Nxf6 23. Qe3 Nh5 24. Ne2 Rce8 25. c5 f6 26. cxd6
Bxd6 27. Qd2 Rc8 28. Rc1 Qe7 29. Rxc8 Rxc8 30. Rc1 Rc5 31. Rxc5 Bxc5 32.
Nc3 f5 33. Na4 Bd6 34. Nb6 Nf6 35. Nc8 Qc7 36. Nxd6 Qxd6 37. Qc3 Qxd5 38.
Qxe5 Qxe5 1/2-1/2

[Event "IHEM"]
[Site "Hamburg GER"]
[Date "2003.06.09"]
[Round "3"]
[White "Fraas,H"]
[Black "Schulz,HJ"]
[Result "0-1"]
[WhiteElo "2188"]
[BlackElo "2099"]
[EventDate "2003.06.07"]

1. f4 e5 2. fxe5 d6 3. exd6 Bxd6 4. Nf3 Bg4 5. e3 Nc6 6. Bb5 Qd7 7. O-O
Nge7 8. d4 a6 9. Be2 O-O 10. Nh4 Bxe2 11. Qxe2 Rae8 12. c3 g5 13. Nf5 Nxf5
14. Qg4 Bxh2+ 15. Kxh2 Qd6+ 16. Kg1 Ng7 17. Nd2 f5 18. Qxg5 Re6 19. Qf4 Qd8
20. e4 Rg6 21. Qf3 f4 22. e5 Rg3 23. Qf2 Rg4 24. Nf3 Nh5 25. Re1 Kh8 26.
Re2 Ng3 27. Re1 Rfg8 28. Qc2 Qf8 29. Qd3 Qh6 30. Kf2 Nh1+ 31. Ke2 Rxg2+ 0-1

[Event "IHEM"]
[Site "Hamburg GER"]
[Date "2003.06.09"]
[Round "3"]
[White "Laqua,C"]
[Black "Lindinger,M"]
[Result "0-1"]
[WhiteElo "2206"]
[BlackElo "2304"]
[EventDate "2003.06.07"]

1. Nf3 d5 2. b3 c5 3. Bb2 f6 4. e3 e5 5. d4 cxd4 6. exd4 e4 7. Nfd2 f5 8.
c4 Nf6 9. Nc3 Be6 10. Rc1 Nc6 11. cxd5 Nxd5 12. Bb5 Bb4 13. O-O O-O 14.
Nxd5 Bxd5 15. a3 Bd6 16. Nc4 f4 17. Nxd6 Qxd6 18. Qh5 Bxb3 19. Rc5 a6 20.
Bxc6 bxc6 21. Qe5 Qxe5 22. dxe5 Bd5 23. Bd4 Rfd8 24. Rb1 Ba2 25. Rd1 Rab8
26. h4 e3 27. fxe3 fxe3 28. Rcc1 Bb3 29. Rd3 Ba4 30. Rcc3 Rb1+ 31. Kh2 e2
32. Bf2 Rxd3 33. Rxd3 e1=Q 34. Bxe1 Rxe1 35. Rd8+ Kf7 36. Ra8 Rxe5 37. Ra7+
Kf6 38. Rxa6 Bb5 39. Rb6 Re3 40. Kg1 0-1

[Event "IHEM"]
[Site "Hamburg GER"]
[Date "2003.06.09"]
[Round "3"]
[White "Jacoby,G"]
[Black "Kroencke,M"]
[Result "1/2-1/2"]
[WhiteElo "2258"]
[BlackElo "2195"]
[EventDate "2003.06.07"]

1. e4 c5 2. Nf3 e6 3. c4 Nc6 4. Nc3 a6 5. Be2 Qc7 6. d4 cxd4 7. Nxd4 Nf6 8.
a3 Nxd4 9. Qxd4 Bc5 10. Qd3 O-O 11. Be3 d6 12. b4 Bxe3 13. Qxe3 Bd7 14. g4
d5 15. e5 Ne4 16. Rc1 Nxc3 17. Rxc3 Rac8 18. O-O Bb5 19. Rd1 1/2-1/2

[Event "IHEM"]
[Site "Hamburg GER"]
[Date "2003.06.09"]
[Round "3"]
[White "Maahs,E"]
[Black "Sawadkuhi,M"]
[Result "1-0"]
[WhiteElo "2180"]
[BlackElo "2250"]
[EventDate "2003.06.07"]

1. e4 c5 2. f4 Qc7 3. g3 h5 4. Nc3 Nc6 5. Nf3 e6 6. Bg2 Nge7 7. d3 Nd4 8.
O-O d6 9. Nxd4 cxd4 10. Nb5 Qb6 11. Na3 d5 12. Kh1 g6 13. c4 dxe4 14. Bxe4
Nf5 15. Qb3 Qd8 16. Kg1 Bg7 17. Bxb7 Bd7 18. Be4 h4 19. g4 Ne3 20. Bxe3
dxe3 21. Qc2 Rb8 22. Rab1 f5 23. gxf5 gxf5 24. Bf3 Qc7 25. Qe2 Qd6 26. Kh1
Ke7 27. Qxe3 Bh6 28. c5 Qc7 29. Qe5 Qxe5 30. fxe5 Rhc8 31. d4 Rb4 32. Rfd1
Bc6 33. Bxc6 Rxc6 34. b3 Rb8 35. Nc4 f4 36. Kg2 h3+ 37. Kf3 Rg8 38. Rg1
Rcc8 39. b4 Rxg1 40. Rxg1 Rb8 41. a3 Kd7 1-0

[Event "IHEM"]
[Site "Hamburg GER"]
[Date "2003.06.09"]
[Round "3"]
[White "Mandelbaum,P"]
[Black "Gollasch,T"]
[Result "1-0"]
[WhiteElo "2191"]
[BlackElo "2117"]
[EventDate "2003.06.07"]

1. e4 c5 2. Nf3 Nc6 3. d4 cxd4 4. Nxd4 g6 5. c4 Bg7 6. Be3 d6 7. Nc3 Nf6 8.
Be2 Bd7 9. O-O Nxd4 10. Qxd4 O-O 11. Qd2 Bc6 12. f3 b6 13. Rfc1 Nd7 14. Nd5
Nf6 15. Nc3 Qd7 16. a4 Qb7 17. a5 bxa5 18. Rxa5 Rfb8 19. Ra2 Nd7 20. Rb1
Qb3 21. Ra3 Qb4 22. Nb5 Qxd2 23. Bxd2 Bxb5 24. cxb5 Bd4+ 25. Be3 Bxe3+ 26.
Rxe3 Rc8 27. Rc3 Rxc3 28. bxc3 Rc8 29. Ra1 Rc7 30. Ra6 Nb6 31. Kf2 e5 32.
c4 Kf8 33. Ke3 Ke7 34. Kd2 Nd7 35. Kc3 Nc5 36. Ra1 Rb7 37. Bd3 Kd7 38. g3
Ke6 39. h4 f5 40. Rf1 Rf7 41. exf5+ gxf5 42. Bc2 h5 43. Kd2 Rg7 44. Rg1 f4
45. g4 e4 46. Ke2 hxg4 47. fxg4 Ke5 48. h5 Ne6 49. h6 Rg8 50. Rh1 Nd4+ 51.
Kd1 Nxc2 52. Kxc2 f3 53. h7 Rh8 54. Kd2 Kf4 55. g5 Kxg5 56. Ke3 Kg4 57.
Rg1+ Kf5 58. Rg7 Ke5 59. Re7+ Kf5 60. Rxa7 d5 61. cxd5 Ke5 62. b6 Rf8 63.
Rf7 Rb8 64. b7 Kxd5 65. Rg7 1-0

[Event "IHEM"]
[Site "Hamburg GER"]
[Date "2003.06.10"]
[Round "4"]
[White "Lanka,Z"]
[Black "Haba,P"]
[Result "1/2-1/2"]
[WhiteElo "2488"]
[BlackElo "2514"]
[EventDate "2003.06.07"]

1. e4 e5 2. Nf3 Nf6 3. Nxe5 d6 4. Nf3 Nxe4 5. d4 d5 6. Bd3 Bd6 7. O-O O-O
8. Re1 Bf5 9. c4 c6 10. Qc2 Nd7 11. Nc3 Ndf6 12. c5 Bc7 13. b4 Bg6 14. Bb2
Nxc3 15. Qxc3 Bxd3 16. Qxd3 Ne4 17. Re2 Re8 18. Rae1 Re6 19. Ne5 Qh4 20.
Bc1 f6 21. Nf3 Qh5 22. g3 Rae8 23. Kg2 g5 24. Ng1 Nxf2 25. Kxf2 Qxh2+ 26.
Kf1 Bxg3 27. Qf3 Rxe2 28. Rxe2 Rxe2 29. Qxe2 Kf7 30. Qf3 1/2-1/2

[Event "IHEM"]
[Site "Hamburg GER"]
[Date "2003.06.10"]
[Round "4"]
[White "Bach,M"]
[Black "Berkes,F"]
[Result "0-1"]
[WhiteElo "2349"]
[BlackElo "2578"]
[EventDate "2003.06.07"]

1. d4 d5 2. c4 c6 3. Nf3 Nf6 4. Nc3 dxc4 5. e4 b5 6. e5 Nd5 7. a4 e6 8. Ne4
h6 9. g4 Bb7 10. g5 Nd7 11. g6 f5 12. exf6 N5xf6 13. Ng3 Bb4+ 14. Bd2 Bxd2+
15. Qxd2 O-O 16. Bg2 Nd5 17. O-O Nf4 18. Ne1 Nxg2 19. Nxg2 Ne5 20. Qe3 Qxd4
21. Rfd1 Qxe3 22. Nxe3 b4 23. Ne4 Rad8 24. Nd6 Ba6 25. Kg2 Rd7 26. Ne4 Nd3
27. Kg3 c5 28. f3 Rfd8 29. Rd2 Kf8 30. Re2 Rc7 31. Rd1 Rc6 32. f4 Rd4 33.
Nc2 Rd7 34. Ne3 Ke8 35. h4 Kd8 36. h5 Kc7 37. Rf1 c3 38. bxc3 Nxf4 39. Kxf4
Bxe2 40. Re1 Bxh5 0-1

[Event "IHEM"]
[Site "Hamburg GER"]
[Date "2003.06.10"]
[Round "4"]
[White "Rogozenko,D"]
[Black "Van Delft,M"]
[Result "0-1"]
[WhiteElo "2519"]
[BlackElo "2341"]
[EventDate "2003.06.07"]

1. c4 Nf6 2. Nc3 g6 3. Nf3 Bg7 4. g3 O-O 5. Bg2 d6 6. O-O Nc6 7. d3 e5 8.
Rb1 a5 9. a3 Re8 10. Bg5 h6 11. Bxf6 Bxf6 12. b4 axb4 13. axb4 Bg7 14. b5
Ne7 15. Ne1 c6 16. Nc2 d5 17. Nb4 e4 18. Qb3 Be6 19. cxd5 cxd5 20. Na4 Qd6
21. Rfc1 Rec8 22. Rxc8+ Rxc8 23. Qd1 e3 24. fxe3 Nf5 25. Qd2 h5 26. e4 Bd4+
27. Kh1 Nxg3+ 0-1

[Event "IHEM"]
[Site "Hamburg GER"]
[Date "2003.06.10"]
[Round "4"]
[White "Gollasch,T"]
[Black "Fraas,H"]
[Result "1-0"]
[WhiteElo "2117"]
[BlackElo "2188"]
[EventDate "2003.06.07"]

1. Nf3 f5 2. g3 Nf6 3. Bg2 d6 4. d4 g6 5. c4 Nbd7 6. d5 Nb6 7. Qd3 Bg7 8.
Nd4 O-O 9. Nc3 Ng4 10. f4 e5 11. dxe6 Qf6 12. e3 c6 13. h3 Nh6 14. O-O Bxe6
15. b3 Bf7 16. Bb2 Rfe8 17. Rad1 Qe7 18. Rfe1 d5 19. cxd5 cxd5 20. Ncb5
Red8 21. Ba3 Qf6 22. Nf3 a6 23. Nbd4 Be8 24. Ng5 Rdc8 25. Nge6 Bf7 26. Nxg7
Kxg7 27. Bb2 Kf8 28. Qd2 Qe7 29. Nf3 Bg8 30. Qa5 Nd7 1-0

[Event "IHEM"]
[Site "Hamburg GER"]
[Date "2003.06.10"]
[Round "4"]
[White "Pajeken,W"]
[Black "Baramidze,D"]
[Result "1-0"]
[WhiteElo "2321"]
[BlackElo "2440"]
[EventDate "2003.06.07"]

1. d4 d5 2. c4 e6 3. Nc3 Be7 4. Nf3 Nf6 5. Bg5 h6 6. Bh4 O-O 7. e3 b6 8.
cxd5 Nxd5 9. Bxe7 Qxe7 10. Nxd5 exd5 11. Be2 Be6 12. O-O c5 13. dxc5 bxc5
14. Qa4 Nd7 15. Rac1 f5 16. Rfd1 Rab8 17. b3 f4 18. exf4 Rb4 19. Qxa7 Rbxf4
20. Re1 Qf7 21. Qc7 Bg4 22. h3 Be6 23. Ne5 Nxe5 24. Qxe5 Rf5 25. Bh5 Qxh5
26. Qxe6+ Kh8 27. Rc2 Qh4 28. Qe7 Qb4 29. Rce2 d4 30. Qe4 Rf4 31. Qb1 c4
32. bxc4 Qxc4 33. Qg6 d3 34. Rd2 Qd4 35. Qg3 Qa7 36. Qe3 Qf7 37. Rf1 Ra4
38. Rxd3 Rxa2 39. Qd4 Re2 40. Rf3 Qe7 41. Rxf8+ Qxf8 42. Qg4 Qe8 43. Qf4
Re1 44. Rxe1 Qxe1+ 45. Kh2 Qe6 46. h4 Qd5 47. g4 Qd1 48. g5 hxg5 49. hxg5
Qc2 50. Kg3 Kh7 51. f3 g6 52. Qf7+ Kh8 53. Qe8+ Kh7 54. Qe7+ Kg8 55. Qe4
Qc7+ 56. f4 Qb6 57. Qd5+ Kg7 58. Kf3 Qa6 59. Ke3 Qa3+ 60. Ke4 Qa6 61. Qd7+
Kh8 62. Ke5 Qc4 63. Qe8+ Kh7 64. Qe7+ Kh8 65. Qf8+ 1-0

[Event "IHEM"]
[Site "Hamburg GER"]
[Date "2003.06.10"]
[Round "4"]
[White "Maahs,E"]
[Black "Stanke,J"]
[Result "1/2-1/2"]
[WhiteElo "2180"]
[BlackElo "2322"]
[EventDate "2003.06.07"]

1. e4 c5 2. f4 Nc6 3. Nf3 g6 4. Bb5 Bg7 5. Bxc6 bxc6 6. d3 d6 7. O-O c4 8.
d4 d5 9. Nc3 Bg4 10. Be3 Nf6 11. e5 Ne4 12. Nxe4 dxe4 13. h3 Bxf3 14. gxf3
Qd5 15. fxe4 Qxe4 16. Qe2 O-O 17. f5 Rad8 18. Rf4 Qd5 19. Raf1 c5 20. c3
Rfe8 21. Rg4 cxd4 22. Bxd4 e6 23. f6 Bf8 24. h4 Kh8 25. h5 gxh5 26. Rg2 Bc5
27. Rf4 Rg8 28. Rg7 Rxg7+ 29. fxg7+ Kxg7 30. Qxh5 Kh8 31. Rg4 Rg8 32. Rxg8+
Kxg8 33. Qg5+ Kf8 34. Qe3 Bxd4 35. cxd4 Ke8 36. Kf2 f5 37. exf6 Qf5+ 38.
Ke2 Qxf6 39. Qe4 Qf5 40. Qc6+ Kf7 41. Qxc4 Qe4+ 42. Kf2 Qf4+ 43. Kg2 Kf6
44. b4 h5 45. b5 h4 46. Qd3 Kg5 47. a4 Qg4+ 48. Kh1 Qf4 49. a5 Kf6 50. Kg2
Ke7 51. b6 axb6 52. a6 Qg4+ 53. Kh2 h3 54. Qd2 Kd7 55. a7 Qf3 56. Qa2 Qa8
57. Kxh3 Kc7 58. Qxe6 Qxa7 59. Qe7+ Kb8 60. Qd8+ Kb7 61. Kg4 Qa4 62. Kf5
Qb3 63. Qd7+ Kb8 64. Kf6 Qf3+ 65. Ke7 Qe3+ 66. Kd8 Qg5+ 67. Qe7 Qd5+ 68.
Qd7 Qg5+ 69. Qe7 Qd5+ 70. Qd7 Qg5+ 1/2-1/2

[Event "IHEM"]
[Site "Hamburg GER"]
[Date "2003.06.10"]
[Round "4"]
[White "Jacoby,G"]
[Black "Meier,DG"]
[Result "1/2-1/2"]
[WhiteElo "2258"]
[BlackElo "2183"]
[EventDate "2003.06.07"]

1. c4 f5 2. g3 e5 3. d4 e4 4. Nc3 Nf6 5. h4 Be7 6. Nh3 O-O 7. Bg5 c6 8. e3
Na6 9. Nf4 d6 10. Qb3 Nc7 11. Be2 Rf7 12. O-O-O Rb8 13. f3 exf3 14. Bxf3
Bd7 15. e4 fxe4 16. Nxe4 Nxe4 17. Bxe4 Ne6 18. Nxe6 Bxe6 19. Bxe7 Rxe7 20.
Qd3 h6 21. d5 Bg4 22. Rde1 Qd7 23. Re3 c5 24. Rhe1 1/2-1/2

[Event "IHEM"]
[Site "Hamburg GER"]
[Date "2003.06.10"]
[Round "4"]
[White "Putzbach,G"]
[Black "Mandelbaum,P"]
[Result "1-0"]
[WhiteElo "2253"]
[BlackElo "2191"]
[EventDate "2003.06.07"]

1. e4 c5 2. Nf3 Nc6 3. d4 cxd4 4. Nxd4 Nf6 5. Nc3 e5 6. Ndb5 d6 7. Bg5 a6
8. Na3 b5 9. Bxf6 gxf6 10. Nd5 f5 11. Bd3 Be6 12. c3 Bg7 13. Nc2 O-O 14.
Ncb4 Nxb4 15. Nxb4 f4 16. Qh5 Qd7 17. f3 Qa7 18. Nc2 Qd7 19. g4 Kh8 20. Qh4
Rg8 21. Nb4 Qa7 22. Qf2 Bf6 23. Qxa7 Rxa7 24. a4 bxa4 25. Rxa4 a5 26. Kd2
Rc8 27. Rha1 Bd8 28. Nd5 Bxd5 29. exd5 Rc5 30. Be4 Rc8 31. b4 Bb6 32. bxa5
Be3+ 33. Kd3 Rb7 34. Rb4 Ra7 35. a6 Rcc7 36. Rb8+ Kg7 37. Ra2 h6 38. Bf5
Bc5 39. Bc8 Bg1 40. Bb7 Be3 41. Rd8 Bc5 42. Rb2 f6 43. h4 Kg6 44. h5+ Kg7
45. Ke4 Re7 46. Bc8 Rac7 47. Rb8 Ba7 48. Ra8 Rc4+ 49. Kf5 Bb6 50. Rxd6 e4
51. Be6 Bc7 52. Rd7 Rxd7 53. Bxd7 Bb6 54. a7 Bxa7 55. Rxa7 Rxc3 56. Be6+
Kf8 57. Kxf6 1-0

[Event "IHEM"]
[Site "Hamburg GER"]
[Date "2003.06.10"]
[Round "4"]
[White "Kroencke,M"]
[Black "Engelbert,C"]
[Result "0-1"]
[WhiteElo "2195"]
[BlackElo "2235"]
[EventDate "2003.06.07"]

1. e4 g6 2. d4 Bg7 3. Nf3 d6 4. Bc4 Nf6 5. Qe2 O-O 6. O-O Bg4 7. e5 Ne8 8.
Rd1 Qc8 9. exd6 Nxd6 10. Bb3 Nc6 11. c3 e5 12. d5 e4 13. dxc6 exf3 14. gxf3
Bh5 15. Bd5 b6 16. Bf4 Qf5 17. Bxd6 cxd6 18. Be4 Rae8 19. Bxf5 Rxe2 20. Bd7
Bxf3 21. Nd2 Bd5 22. Nf1 Be6 23. Re1 Bxd7 24. Rxe2 Bxc6 25. Re7 a5 26. Ne3
b5 27. f4 b4 28. cxb4 axb4 29. Rc1 Rc8 30. Rd1 b3 31. axb3 Bxb2 32. Rxd6
Ba3 33. Nc4 Bc5+ 34. Re3 Bb5 35. Rdd3 Bxc4 36. bxc4 Bxe3+ 37. Rxe3 Rxc4 38.
Rf3 Rc2 0-1

[Event "IHEM"]
[Site "Hamburg GER"]
[Date "2003.06.10"]
[Round "4"]
[White "Schulz,HJ"]
[Black "Laqua,C"]
[Result "0-1"]
[WhiteElo "2099"]
[BlackElo "2206"]
[EventDate "2003.06.07"]

1. e4 Nf6 2. e5 Nd5 3. Nc3 Nxc3 4. bxc3 d5 5. exd6 cxd6 6. d4 g6 7. Nf3 Bg7
8. Bg5 Qc7 9. Bb5+ Bd7 10. Bxd7+ Nxd7 11. O-O e6 12. Rb1 O-O 13. Nd2 Rab8
14. Qf3 Rfc8 15. Rb3 Qc6 16. Qg4 Qd5 17. Be3 b5 18. Rfb1 a6 19. Qe2 Nb6 20.
a4 Nxa4 21. c4 Qa8 22. Qd3 e5 23. f3 exd4 24. Bxd4 Nc5 25. Bxc5 dxc5 26.
cxb5 Rd8 27. Qe2 axb5 28. h3 b4 29. Ne4 Qd5 30. Rd3 Qa2 31. Rbd1 Rxd3 32.
Qxd3 Bd4+ 33. Kh1 Ra8 34. Qd2 Qb2 35. Kh2 Ra1 36. f4 Rxd1 37. Qxd1 Kg7 38.
Nd6 Qc3 39. Qg4 Bg1+ 40. Kh1 Qe1 41. Nf5+ Kf8 42. g3 Qf2 0-1

[Event "IHEM"]
[Site "Hamburg GER"]
[Date "2003.06.10"]
[Round "4"]
[White "Sawadkuhi,M"]
[Black "Cording,H"]
[Result "1-0"]
[WhiteElo "2250"]
[BlackElo "2265"]
[EventDate "2003.06.07"]

1. e4 d5 2. exd5 Qxd5 3. Nc3 Qa5 4. d4 Nf6 5. Nf3 Bf5 6. Bd2 c6 7. Ne4 Qc7
8. Nxf6+ gxf6 9. Nh4 Bg6 10. f4 Be4 11. Bc4 f5 12. Qh5 e6 13. O-O-O Bd5 14.
Bxd5 cxd5 15. Rhe1 Be7 16. Rxe6 Nc6 17. Nxf5 1-0

[Event "IHEM"]
[Site "Hamburg GER"]
[Date "2003.06.11"]
[Round "5"]
[White "Cording,H"]
[Black "Gollasch,T"]
[Result "1-0"]
[WhiteElo "2265"]
[BlackElo "2117"]
[EventDate "2003.06.07"]

1. d4 d5 2. Nf3 e6 3. Bf4 Nf6 4. e3 Be7 5. Nbd2 O-O 6. Bd3 b6 7. Ne5 c5 8.
c3 Qe8 9. Qe2 Nfd7 10. O-O f6 11. Nxd7 Nxd7 12. e4 e5 13. exd5 cxd4 14. d6
Bxd6 15. Qe4 f5 16. Qxa8 Qg6 17. Nc4 Nc5 18. Nxd6 Qxd6 19. Bxe5 Qxe5 20.
Rfe1 Qd6 21. Bc4+ Kh8 22. Rad1 Be6 23. Qf3 Bc8 24. Rxd4 Qh6 25. b4 Nd7 26.
h3 Nf6 27. Red1 g5 28. Rd8 g4 29. Qe3 Qg7 30. hxg4 fxg4 31. Qe5 Bb7 32.
Rxf8+ Qxf8 33. Rd6 Kg7 34. Qg5+ 1-0

[Event "IHEM"]
[Site "Hamburg GER"]
[Date "2003.06.11"]
[Round "5"]
[White "Mandelbaum,P"]
[Black "Schulz,HJ"]
[Result "1-0"]
[WhiteElo "2191"]
[BlackElo "2099"]
[EventDate "2003.06.07"]

1. e4 e5 2. Nf3 Nc6 3. Nc3 Bb4 4. Nd5 Nf6 5. Nxb4 Nxb4 6. c3 Nc6 7. d4 Qe7
8. d5 Nb8 9. Bd3 d6 10. Qc2 h6 11. h3 c6 12. c4 O-O 13. Be3 Na6 14. a3 Bd7
15. b4 cxd5 16. cxd5 Rac8 17. Qd2 Nc7 18. Bxa7 Ncxd5 19. exd5 e4 20. O-O
exf3 21. Rfe1 Qd8 22. Qe3 Nxd5 23. Qxf3 Bc6 24. Be4 Nf6 25. Bxc6 bxc6 26.
Bd4 Nh7 27. Qc3 f6 28. Re3 Re8 29. Rae1 Qd7 30. R1e2 Rxe3 31. Qxe3 Kf7 32.
Qb3+ d5 33. Qe3 Ng5 34. a4 Ne6 35. a5 Ra8 36. Ra2 Qb7 37. Bb6 Ng5 38. Re2
Qd7 39. f3 Ne6 40. f4 g5 41. fxg5 hxg5 42. Qd3 Re8 43. Qf5 Nf8 44. Qxd7+
Nxd7 45. Rxe8 Kxe8 46. Bc7 Nf8 47. a6 Ne6 48. Bb6 1-0

[Event "IHEM"]
[Site "Hamburg GER"]
[Date "2003.06.11"]
[Round "5"]
[White "Baramidze,D"]
[Black "Jacoby,G"]
[Result "1-0"]
[WhiteElo "2440"]
[BlackElo "2258"]
[EventDate "2003.06.07"]

1. e4 e5 2. Nf3 Nc6 3. Bb5 a6 4. Ba4 Nf6 5. O-O Be7 6. Re1 b5 7. Bb3 d6 8.
c3 O-O 9. h3 Na5 10. Bc2 c5 11. d4 Nd7 12. dxc5 dxc5 13. Nbd2 c4 14. Nf1
Nc6 15. Ne3 Nc5 16. Qe2 Ra7 17. Rd1 Rd7 18. Nd5 Ne6 19. Be3 Bc5 20. a4 Bb7
21. axb5 axb5 22. b3 b4 23. Bxc5 Nxc5 24. Qxc4 Ne6 25. Nxb4 1-0

[Event "IHEM"]
[Site "Hamburg GER"]
[Date "2003.06.11"]
[Round "5"]
[White "Hebbinghaus,H"]
[Black "Maahs,E"]
[Result "1-0"]
[WhiteElo "2273"]
[BlackElo "2180"]
[EventDate "2003.06.07"]

1. e4 c5 2. Nc3 d6 3. f4 a6 4. Nf3 b5 5. g3 Bb7 6. d3 Nd7 7. Bg2 e6 8. O-O
Be7 9. Qe2 b4 10. Nd1 Ngf6 11. Ne3 Qc7 12. f5 e5 13. Nd2 Nb6 14. Ndc4 a5
15. Bd2 a4 16. a3 Nxc4 17. Nxc4 Ba6 18. Ne3 b3 19. cxb3 axb3 20. Nc4 Nd7
21. Qd1 Qb7 22. Rc1 O-O 23. Rc3 Bxc4 24. dxc4 Rfb8 25. Bc1 Ra6 26. g4 f6
27. Rff3 Rb6 28. h4 Nf8 29. Rg3 Kh8 30. g5 Qd7 31. g6 Qc6 32. Qg4 Bd8 33.
h5 Qd7 34. Qh4 Qe8 35. h6 hxg6 36. hxg7+ Kxg7 37. Bh6+ Kg8 38. Bxf8 Kxf8
39. Rxg6 1-0

[Event "IHEM"]
[Site "Hamburg GER"]
[Date "2003.06.11"]
[Round "5"]
[White "Stanke,J"]
[Black "Putzbach,G"]
[Result "1/2-1/2"]
[WhiteElo "2322"]
[BlackElo "2253"]
[EventDate "2003.06.07"]

1. d4 d5 2. c4 dxc4 3. e3 e6 4. Bxc4 c5 5. Nf3 Nf6 6. O-O a6 7. dxc5 Qxd1
8. Rxd1 Bxc5 9. Nbd2 Nc6 10. Be2 Ke7 11. Ng5 Rd8 12. Nge4 Nxe4 13. Nxe4
Rxd1+ 14. Bxd1 Ba7 15. b3 b5 16. a4 Bb7 17. Bf3 f5 18. axb5 axb5 19. Nc3 b4
20. Nb5 Bc5 21. Rxa8 Bxa8 22. Bb2 g5 23. h3 Bb7 24. Kf1 Kd7 25. Ke1 Ba6 26.
Nd4 Ne5 27. Be2 Bb7 28. f3 Bd5 29. Kd2 Ng6 30. g3 f4 31. gxf4 gxf4 32. e4
Bxd4 33. Bxd4 Bxb3 34. Bc5 e5 35. Bxb4 Be6 36. Bb5+ Kd8 37. Bf1 Nh4 38. Bc3
Ke7 39. Kd1 Nxf3 40. Ke2 Ng1+ 41. Kf2 Nxh3+ 42. Bxh3 Bxh3 43. Bxe5 1/2-1/2

[Event "IHEM"]
[Site "Hamburg GER"]
[Date "2003.06.11"]
[Round "5"]
[White "Fraas,H"]
[Black "Sawadkuhi,M"]
[Result "0-1"]
[WhiteElo "2188"]
[BlackElo "2250"]
[EventDate "2003.06.07"]

1. f4 c5 2. Nf3 g6 3. d3 Bg7 4. e4 Nc6 5. Be2 d6 6. O-O Nf6 7. c3 O-O 8.
Kh1 c4 9. Nbd2 cxd3 10. Bxd3 d5 11. e5 Nh5 12. Nb3 f6 13. exf6 Bxf6 14. f5
gxf5 15. Nfd4 Ng7 16. Nxf5 Nxf5 17. Rxf5 Bxf5 18. Bxf5 Qd6 19. c4 Bg7 20.
c5 Qe5 21. Bc2 0-1

[Event "IHEM"]
[Site "Hamburg GER"]
[Date "2003.06.11"]
[Round "5"]
[White "Engelbert,C"]
[Black "Bach,M"]
[Result "0-1"]
[WhiteElo "2235"]
[BlackElo "2349"]
[EventDate "2003.06.07"]

1. e4 e5 2. Nf3 Nc6 3. Bc4 Nf6 4. d4 exd4 5. O-O Bc5 6. c3 Nxe4 7. cxd4 d5
8. dxc5 dxc4 9. Qxd8+ Kxd8 10. Rd1+ Bd7 11. Be3 Kc8 12. Na3 c3 13. bxc3
Nxc3 14. Rd3 Ne4 15. Rad1 Bg4 16. h3 Bxf3 17. gxf3 Nf6 18. Bg5 Ne5 19. Re3
Nfd7 20. Bf4 f6 21. Nb5 g5 22. Bg3 a5 23. Nc3 Ra6 24. Ne4 Re8 25. Kg2 h6
26. f4 Nc4 27. Nd6+ Nxd6 28. cxd6 Rxe3 29. fxe3 Rxd6 30. Rxd6 cxd6 31. fxg5
hxg5 32. Bxd6 b5 33. Kf3 Kb7 34. Ke4 Kc6 35. Be7 b4 36. Kf5 Kd5 37. e4+ Kd4
38. e5 fxe5 39. Kxg5 e4 40. Kf4 e3 41. Bh4 a4 0-1

[Event "IHEM"]
[Site "Hamburg GER"]
[Date "2003.06.11"]
[Round "5"]
[White "Meier,DG"]
[Black "Sprenger,J"]
[Result "0-1"]
[WhiteElo "2183"]
[BlackElo "2431"]
[EventDate "2003.06.07"]

1. d4 d5 2. c4 e6 3. Nf3 Nf6 4. Nc3 c6 5. g3 dxc4 6. Bg2 Nbd7 7. O-O Be7 8.
e4 O-O 9. Qc2 b5 10. a4 b4 11. e5 Nd5 12. Ne4 a5 13. Qxc4 Ba6 14. Qxc6 Bd3
15. Nd6 Ra6 16. Qb7 Rb6 17. Qa7 Ra6 18. Qb7 Rb6 19. Qa7 Nb8 20. Nc8 Qxc8
0-1

[Event "IHEM"]
[Site "Hamburg GER"]
[Date "2003.06.11"]
[Round "5"]
[White "Reddmann,H"]
[Black "Rogozenko,D"]
[Result "0-1"]
[WhiteElo "2358"]
[BlackElo "2519"]
[EventDate "2003.06.07"]

1. d4 Nf6 2. Nf3 c5 3. c3 b6 4. g3 Bb7 5. Bg2 e6 6. O-O Be7 7. Nbd2 O-O 8.
Re1 d6 9. e4 Nbd7 10. e5 Ne8 11. Ne4 Bxe4 12. Rxe4 dxe5 13. Nxe5 Nxe5 14.
Rxe5 Rc8 15. d5 Nc7 16. c4 Bf6 17. Re2 exd5 18. cxd5 Bd4 19. Be3 Bxe3 20.
Rxe3 Ne8 21. Qa4 Rc7 22. Rae1 Nd6 23. Qf4 h6 24. h4 Rb7 25. g4 Qf6 26. Qxf6
gxf6 27. f4 Rbb8 28. Re7 Rfe8 29. Rxe8+ Rxe8 30. Rxe8+ Nxe8 31. Kf2 Kf8 32.
Ke3 Ke7 33. Ke4 f5+ 34. Kf3 fxg4+ 35. Kxg4 Ng7 36. f5 f6 37. b3 Kd6 38. Kf4
b5 39. Bf1 a6 40. a4 bxa4 41. bxa4 a5 42. Bc4 Ne8 43. Kg4 Ke5 44. Kh5 Nd6
45. Kxh6 Nxc4 46. Kg6 Ne3 47. d6 Kxd6 48. Kxf6 c4 0-1

[Event "IHEM"]
[Site "Hamburg GER"]
[Date "2003.06.11"]
[Round "5"]
[White "Haba,P"]
[Black "Van Delft,M"]
[Result "0-1"]
[WhiteElo "2514"]
[BlackElo "2341"]
[EventDate "2003.06.07"]

1. e4 c6 2. d4 d5 3. Nd2 dxe4 4. Nxe4 Bf5 5. Ng3 Bg6 6. h4 h6 7. Nf3 Nf6 8.
Ne5 Bh7 9. Bd3 Bxd3 10. Qxd3 e6 11. Bd2 Be7 12. f4 O-O 13. f5 Nbd7 14. fxe6
Nxe5 15. dxe5 Qxd3 16. cxd3 Ng4 17. Nf5 Bc5 18. e7 Rfe8 19. d4 Bxe7 20. O-O
h5 21. Bg5 Bf8 22. Rac1 Re6 23. Ng3 c5 24. dxc5 Rxe5 25. b4 a5 26. a3 axb4
27. axb4 Ra4 28. Bf4 Rd5 29. Ra1 Rxa1 30. Rxa1 Rd4 31. Nxh5 Rxb4 32. Bd6
Bxd6 33. cxd6 Rd4 34. g3 Rxd6 35. Nf4 g6 36. Rb1 b6 37. Rb5 Nf6 38. h5 Nxh5
39. Nxh5 gxh5 40. Rxh5 Kf8 41. Kf2 Ke7 42. Ke3 Rg6 43. Kf4 Re6 44. g4 Kd6
45. Rb5 Kc6 46. Rb1 b5 47. Kf5 Re7 48. Kf6 Rb7 49. g5 b4 50. Rc1+ Kb5 51.
Rb1 Rc7 52. Rb2 Ra7 53. Rb1 Rb7 54. Rb2 Kc4 55. Rc2+ Kd3 56. Rb2 Kc3 57.
Rh2 b3 58. Rh3+ Kb4 59. Rh4+ Ka3 60. Rh3 Ka2 0-1